[Event "Brno /Dedek mem. A/"]
[Site "?"]
[Date "2005.01.04"]
[Round "1"]
[White "Martisek, Karel"]
[Black "Holemar, Kamil"]
[Result "0-1"]
[WhiteElo "1797"]
[BlackElo "1767"]
[PlyCount "92"]
[EventDate "2005.01.04"]

1. e4 c5 2. Nf3 d6 3. Be2 Nf6 4. d3 Nc6 5. b3 g6 6. Bb2 Bg7 7. Nbd2 O-O 8. O-O
Qc7 9. Rb1 Bd7 10. Re1 b5 11. Bf1 Qb6 12. h3 e5 13. c4 b4 14. Qc2 Nh5 15. Be2
Nf4 16. Nf1 Qd8 17. Ne3 Ne7 18. Bf1 f5 19. Nh2 Ne6 20. Nd5 f4 21. f3 Nc6 22.
Rec1 h5 23. a3 a5 24. Ra1 Rb8 25. axb4 axb4 26. Ra6 Nc7 27. Ra2 Nxd5 28. exd5
Ne7 29. Rca1 Nf5 30. Bc1 Qg5 31. g4 Nd4 32. Qd1 Rbd8 33. Bb2 e4 34. dxe4 Qh4
35. Bxd4 Bxd4+ 36. Kh1 hxg4 37. Nxg4 Bxg4 38. fxg4 f3 39. Rh2 Qg3 40. Bd3 f2
41. Rg2 Qxh3+ 42. Rh2 Qf3+ 43. Rg2 Bxa1 44. Be2 Qh3+ 45. Rh2 f1=Q+ 46. Bxf1
Rxf1+ 0-1

[Event "Brno /Dedek mem. A/"]
[Site "?"]
[Date "2005.01.04"]
[Round "1"]
[White "Bartek, Tomas"]
[Black "Fuchs, Alois"]
[Result "0-1"]
[WhiteElo "1461"]
[BlackElo "1576"]
[PlyCount "122"]
[EventDate "2005.01.04"]

1. e4 d6 2. d4 Nf6 3. Nc3 c6 4. Bd3 e5 5. Nge2 Bg4 6. h3 Bh5 7. Qd2 h6 8. f4
exd4 9. Nxd4 Bg6 10. Qe2 Nbd7 11. Bd2 Be7 12. g4 Qb6 13. Nb3 Nc5 14. Be3 Nxd3+
15. Qxd3 Qc7 16. O-O-O Bh7 17. Bd4 d5 18. Be5 Qd8 19. f5 dxe4 20. Qxd8+ Rxd8
21. Bxf6 Bxf6 22. Nxe4 Be7 23. Rhe1 O-O 24. Nbc5 Rxd1+ 25. Rxd1 b6 26. Na6 Rd8
27. Rxd8+ Bxd8 28. Nb8 c5 29. Nc6 Bc7 30. Nxa7 g6 31. Nf6+ Kh8 32. Nxh7 Kxh7
33. fxg6+ Kxg6 34. Kd1 Kg5 35. Ke2 Kh4 36. Kf3 Kxh3 37. Nc6 Kh4 38. Ne7 Kg5 39.
b3 Bd8 40. Nd5 f5 41. gxf5 Kxf5 42. a3 h5 43. b4 Ke5 44. Nf4 h4 45. c3 cxb4 46.
axb4 Bg5 47. Nd3+ Kd5 48. Nb2 b5 49. c4+ bxc4 50. Nxc4 Kxc4 51. Kg4 Bd8 52. b5
Kxb5 53. Kf3 Kc4 54. Ke4 Kc3 55. Ke3 Kc2 56. Kf3 Kd2 57. Kg2 Bc7 58. Kh1 Ke2
59. Kg2 Bg3 60. Kh1 Kf3 61. Kg1 61... Bc7 {(Bartek vystoupil, jeho 3 sehrane
partie kontumovany. Tato skoncila pri hre nerozhodne, pozn. JK)} 0-1

[Event "Brno /Dedek mem. A/"]
[Site "?"]
[Date "2005.01.04"]
[Round "1"]
[White "Nemec, Miloslav"]
[Black "Sipek, Michal"]
[Result "1-0"]
[WhiteElo "2061"]
[BlackElo "1883"]
[PlyCount "149"]
[EventDate "2005.01.04"]

1. c4 g6 2. g3 Bg7 3. Bg2 Nf6 4. Nf3 d6 5. Nc3 a6 6. O-O O-O 7. Rb1 c6 8. Qc2
Be6 9. d3 h6 10. h3 Qa5 11. Nd4 Bd7 12. e3 c5 13. Nde2 Nc6 14. a3 Rab8 15. Nd5
Nxd5 16. cxd5 Na7 17. Bd2 Qd8 18. Bc3 Bf6 19. Bxf6 exf6 20. Nc3 b5 21. Ne4 Bf5
22. Qc3 Bxe4 23. Bxe4 b4 24. Qc4 a5 25. d4 Nb5 26. a4 Na7 27. dxc5 Qc8 28. c6
Qxh3 29. Qd4 Qg4 30. b3 Nc8 31. Rbc1 Ne7 32. Rc4 Qg5 33. Qa7 Nxd5 34. Bxd5 Qxd5
35. Qd4 Qe5 36. Rd1 Rfc8 37. Qxd6 Kg7 38. Rc5 Qxd6 39. Rxd6 Ra8 40. c7 Ra7 41.
Rdd5 h5 42. Rxa5 Raxc7 43. Rab5 Rc2 44. Rxb4 Ra2 45. Rd1 Rc3 46. Rb7 Rcc2 47.
Rf1 Rc3 48. Kg2 Rxe3 49. a5 Rc3 50. b4 Rb3 51. Rb6 Ra4 52. a6 Rbxb4 53. Rxb4
Rxb4 54. Ra1 Rb8 55. a7 Ra8 56. Kf3 g5 57. Ke4 h4 58. gxh4 gxh4 59. Kd5 Kg6 60.
Kc6 Kg5 61. Kb7 Rh8 62. Rc1 Re8 63. Rc8 Re7+ 64. Rc7 Re8 65. Rxf7 f5 66. a8=Q
Rxa8 67. Kxa8 Kg4 68. Kb7 h3 69. Kc6 f4 70. Kd5 Kf3 71. Rh7 71... Kg2 $4 (71...
Kxf2 72. Rxh3 72... Kg2 $11) 72. Ke4 f3 73. Rxh3 Kxh3 74. Kxf3 Kh4 75. Kf4 {
a bily vyhral)} 1-0

[Event "Brno /Dedek mem. A/"]
[Site "?"]
[Date "2005.01.04"]
[Round "1"]
[White "Licka, Vlastimil"]
[Black "Cesek, Liboslav"]
[Result "1/2-1/2"]
[WhiteElo "1906"]
[BlackElo "1770"]
[PlyCount "67"]
[EventDate "2005.01.04"]

1. d4 d5 2. Nf3 Nf6 3. c4 c6 4. Nc3 e6 5. Bg5 Be7 6. e3 h6 7. Bh4 Nbd7 8. Qc2
dxc4 9. Bxc4 O-O 10. O-O Nd5 11. Bg3 a5 12. a3 b5 13. Nxd5 exd5 14. Ba2 Bb7 15.
Rac1 Rc8 16. Bb1 g6 17. Qd3 Re8 18. h4 h5 19. Rce1 f5 20. Ba2 Kg7 21. Ne5 Nxe5
22. Bxe5+ Bf6 23. Bxf6+ Qxf6 24. g3 Qd6 25. Rc1 Re7 26. Rc5 Rce8 27. Qd2 Re4
28. Bb1 R4e6 29. Kg2 a4 30. Qd1 Qe7 31. Qf3 Qf6 32. Qf4 R8e7 33. Rfc1 Rd7 34.
Bd3 1/2-1/2

[Event "Brno /Dedek mem. A/"]
[Site "?"]
[Date "2005.01.04"]
[Round "1"]
[White "Malis, Jiri"]
[Black "Vachek, Jiri"]
[Result "1/2-1/2"]
[WhiteElo "2212"]
[BlackElo "1893"]
[PlyCount "85"]
[EventDate "2005.01.04"]

1. e4 e6 2. d3 c5 3. Nf3 Nc6 4. g3 g6 5. Bg2 Bg7 6. O-O Nge7 7. c3 O-O 8. Be3
b6 9. d4 cxd4 10. Nxd4 Bb7 11. Nd2 Nxd4 12. Bxd4 e5 13. Be3 d5 14. Qb3 dxe4 15.
Nxe4 Qc7 16. Rfe1 Rad8 17. Rac1 h6 18. f3 Nf5 19. Bf2 Rd7 20. g4 Bd5 21. Qb4
Bxe4 22. fxe4 Nd6 23. Bf1 Rb8 24. a4 Bf8 25. Qb3 Nb7 26. Bb5 Rd2 27. Bh4 g5 28.
Bg3 Kg7 29. Rf1 f6 30. c4 Bc5+ 31. Kh1 Qd6 32. Qf3 Rd8 33. b3 Qe6 34. Qf5 Qxf5
35. exf5 R8d3 36. b4 Bd4 37. c5 Rxg3 38. hxg3 bxc5 39. Ba6 Nd6 40. bxc5 Ne4 41.
Rf3 Bxc5 42. Rb1 Bb6 43. Bb7 {(1.40-1.17)} 1/2-1/2

[Event "Brno /Dedek mem. A/"]
[Site "?"]
[Date "2005.01.04"]
[Round "1"]
[White "Turza, Pavel"]
[Black "Kopkan, Pavel"]
[Result "1-0"]
[WhiteElo "1706"]
[BlackElo "2057"]
[PlyCount "111"]
[EventDate "2005.01.04"]

1. c4 Nf6 2. Nf3 d5 3. cxd5 Bf5 4. Nc3 Nxd5 5. Qb3 Nxc3 6. bxc3 Nd7 7. Qxb7 e5
8. d3 Rb8 9. Qa6 Bc5 10. Qa4 O-O 11. g3 Qf6 12. Qh4 Qb6 13. d4 exd4 14. Nxd4
Ne5 15. Bg2 Rfd8 16. O-O Rxd4 17. cxd4 Bxd4 18. Be3 Bxe3 19. fxe3 Qxe3+ 20. Kh1
Ng6 21. Qc4 Be6 22. Qxc7 Rb2 23. Qd8+ Nf8 24. Qd3 Qe5 25. Bf3 g5 26. Rfb1 Bxa2
27. Rxb2 Qxb2 28. Rd1 a5 29. Qf5 g4 30. Qxg4+ Ng6 31. Rd8+ Kg7 32. Qd4+ Qxd4
33. Rxd4 Bb3 34. Bc6 Ne5 35. Ba4 Be6 36. Rd6 Kf6 37. Ra6 Nc4 38. Bb3 Ke5 39.
Bxc4 Bxc4 40. Rxa5+ Kd4 41. Ra4 Kc3 42. Rxc4+ Kxc4 43. Kg2 Kd4 44. Kf3 Ke5 45.
g4 h6 46. Ke3 Kf6 47. Kf4 Kg6 48. h4 Kf6 49. h5 Kg7 50. Kf5 Kh7 51. e4 Kg7 52.
e5 Kf8 53. g5 f6 54. gxf6 Kf7 55. e6+ Kf8 56. Kg6 {(2.03-2.16)} 1-0

[Event "Brno /Dedek mem. A/"]
[Site "?"]
[Date "2005.01.06"]
[Round "2"]
[White "Holemar, Kamil"]
[Black "Kopkan, Pavel"]
[Result "1-0"]
[WhiteElo "1767"]
[BlackElo "2057"]
[PlyCount "45"]
[EventDate "2005.01.04"]

1. d3 e5 2. e4 Nc6 3. Nd2 Bc5 4. Ngf3 f5 5. Nb3 Bb6 6. Bg5 Nf6 7. exf5 d5 8.
Qd2 Qd6 9. d4 Ne4 10. Qe2 O-O 11. Be3 exd4 12. Nfxd4 Bxf5 13. O-O-O Nb4 14. Kb1
c5 15. Nxf5 Rxf5 16. Qg4 Raf8 17. Qxe4 Qg6 18. Bc4 Re8 19. Rxd5 Kh8 20. Qxf5
Qxg2 21. Rhd1 Qxh2 22. Qf7 Rb8 23. Rd8+ 1-0

[Event "Brno /Dedek mem. A/"]
[Site "?"]
[Date "2005.01.06"]
[Round "2"]
[White "Cesek, Liboslav"]
[Black "Malis, Jiri"]
[Result "0-1"]
[WhiteElo "1770"]
[BlackElo "2212"]
[PlyCount "94"]
[EventDate "2005.01.04"]

1. e4 c5 2. Nf3 d6 3. d4 cxd4 4. Nxd4 Nf6 5. Nc3 a6 6. h3 b5 7. a3 Bb7 8. Bd3
Nbd7 9. O-O e6 10. Bg5 Be7 11. Re1 Rc8 12. Nb3 h6 13. Bh4 g5 14. Bg3 Ne5 15. f4
gxf4 16. Bxf4 Nfd7 17. Qh5 Bg5 18. Bxg5 Qxg5 19. Qxg5 hxg5 20. Re3 Ke7 21. Nd2
Rcg8 22. Rg3 Nf6 23. Be2 Rg6 24. Re1 Rc8 25. Rf1 Rgg8 26. Bd1 Bc6 27. Re1 a5
28. b4 Bd7 29. Be2 axb4 30. axb4 g4 31. Bxb5 Rxc3 32. Rxc3 Bxb5 33. Rc7+ Bd7
34. Re3 gxh3 35. Rxh3 Ra8 36. b5 d5 37. exd5 Nxd5 38. Rb7 Ra2 39. c4 Nf4 40. c5
Nxh3+ 41. gxh3 Rxd2 42. c6 Rc2 43. cxd7 Nxd7 44. h4 Rc4 45. h5 Rh4 46. Kf2 Rxh5
47. Ke3 47... Rd5 {(2.15-2.33)} 0-1

[Event "Brno /Dedek mem. A/"]
[Site "?"]
[Date "2005.01.06"]
[Round "2"]
[White "Sipek, Michal"]
[Black "Licka, Vlastimil"]
[Result "0-1"]
[WhiteElo "1883"]
[BlackElo "1906"]
[PlyCount "80"]
[EventDate "2005.01.04"]

1. g3 Nf6 2. Nf3 d5 3. Bg2 g6 4. d3 Bg7 5. c4 c6 6. O-O O-O 7. a3 dxc4 8. dxc4
Qxd1 9. Rxd1 Be6 10. b3 a5 11. Ng5 Bf5 12. Bb2 Bc2 13. Rc1 Bxb3 14. Nd2 Ba4 15.
Rab1 Nbd7 16. Bxf6 Bxf6 17. Nge4 Rab8 18. Bh3 e6 19. Nxf6+ Nxf6 20. Rb2 Rfd8
21. Bg2 Rd7 22. Nb1 Rbd8 23. Nc3 b5 24. Bxc6 Rc7 25. cxb5 Rxc6 26. bxc6 Bxc6
27. Rb6 Be8 28. Ra6 a4 29. Nxa4 Bb5 30. Ra7 Bxe2 31. Kg2 Rd3 32. Rc8+ Kg7 33.
Rc1 Bf3+ 34. Kg1 Rxa3 35. h3 Ne4 36. g4 Ra2 37. Rf1 Nd2 38. Re1 Bc6 39. Re3
Ra1+ 40. Kh2 Nf1+ 0-1

[Event "Brno /Dedek mem. A/"]
[Site "?"]
[Date "2005.01.06"]
[Round "2"]
[White "Fuchs, Alois"]
[Black "Nemec, Miloslav"]
[Result "0-1"]
[WhiteElo "1576"]
[BlackElo "2061"]
[PlyCount "60"]
[EventDate "2005.01.04"]

1. Nf3 Nf6 2. g3 g6 3. Bg2 Bg7 4. d3 d5 5. O-O O-O 6. c4 c6 7. Bf4 Nbd7 8. Qd2
dxc4 9. dxc4 Ne4 10. Qc1 Qb6 11. Nc3 Nxc3 12. bxc3 Qc5 13. Nd2 Qa5 14. Nb1 Nb6
15. Bc7 Qc5 16. Bxb6 axb6 17. Nd2 Be6 18. Qb2 Ra6 19. Rfc1 Bxc4 20. Nxc4 Qxc4
21. Rc2 Rfa8 22. Bf1 b5 23. e3 Qe6 24. a3 Qd6 25. Rd2 Qc5 26. Rd3 Rxa3 27. Rd8+
Rxd8 28. Rxa3 Bf6 29. h4 Rd1 30. Rb3 30... Qc4 {(1.21-1.20)} 0-1

[Event "Brno /Dedek mem. A/"]
[Site "?"]
[Date "2005.01.06"]
[Round "2"]
[White "Martisek, Karel"]
[Black "Bartek, Tomas"]
[Result "1-0"]
[WhiteElo "1797"]
[BlackElo "1461"]
[PlyCount "73"]
[EventDate "2005.01.04"]

1. e4 e5 2. Nf3 d6 3. d4 Nc6 4. dxe5 Bg4 5. Bb5 Bxf3 6. Bxc6+ bxc6 7. Qxf3 dxe5
8. O-O Bd6 9. Nc3 h6 10. Qe2 Nf6 11. f4 O-O 12. f5 Bb4 13. Rd1 Qe7 14. Rd3 Rfd8
15. Rg3 Kh7 16. a3 Bc5+ 17. Be3 Bb6 18. Kh1 Rd7 19. Rh3 Rad8 20. Bg5 Kg8 21.
Be3 a5 22. Re1 Bxe3 23. Qxe3 Rd2 24. Rc1 Ng4 25. Qf3 Nf2+ 26. Kg1 Nxh3+ 27.
Qxh3 Qg5 28. Rf1 Rxc2 29. f6 g6 30. Kh1 Rxb2 31. Nd1 Qc1 32. Ne3 32... Rb1 {(R)
} 33. g4 Qxa3 34. Rxb1 Kh7 35. g5 h5 36. Re1 a4 37. Qg3 {(Time!)} 1-0

[Event "Brno /Dedek mem. A/"]
[Site "?"]
[Date "2005.01.11"]
[Round "3"]
[White "Bartek, Tomas"]
[Black "Holemar, Kamil"]
[Result "0-1"]
[WhiteElo "1461"]
[BlackElo "1767"]
[PlyCount "96"]
[EventDate "2005.01.04"]

1. e4 c5 2. Nf3 d6 3. Nc3 Nf6 4. d4 cxd4 5. Nxd4 g6 6. Be3 Bg7 7. Bd3 a6 8. Qd2
Ng4 9. f4 Nxe3 10. Qxe3 Qb6 11. e5 dxe5 12. fxe5 Nc6 13. Nce2 Nxd4 14. Qxd4
Qxd4 15. Nxd4 Bxe5 16. c3 O-O 17. Nf3 Bg7 18. O-O-O Rb8 19. Kc2 b5 20. Be4 Bb7
21. Bd5 Bxd5 22. Rxd5 Rfd8 23. Rhd1 Rxd5 24. Rxd5 Kf8 25. Ne5 Bxe5 26. Rxe5 e6
27. Re3 h5 28. Kd3 Ke7 29. b3 Rd8+ 30. Kc2 f6 31. Kc1 e5 32. Re2 Ke6 33. Rd2
Rxd2 34. Kxd2 Kd5 35. Ke3 f5 36. g3 g5 37. Kf3 e4+ 38. Ke3 Ke5 39. a3 f4+ 40.
gxf4+ gxf4+ 41. Ke2 Kd5 42. Kf2 Ke5 43. Ke2 Kd5 44. Kf2 Kc5 45. Ke2 a5 46. Kd2
a4 47. bxa4 bxa4 48. h4 Kc4 0-1

[Event "Brno /Dedek mem. A/"]
[Site "?"]
[Date "2005.01.11"]
[Round "3"]
[White "Nemec, Miloslav"]
[Black "Martisek, Karel"]
[Result "1/2-1/2"]
[WhiteElo "2061"]
[BlackElo "1797"]
[PlyCount "83"]
[EventDate "2005.01.04"]

1. c4 e5 2. Nc3 Nf6 3. d3 Be7 4. Nf3 Nc6 5. g3 d5 6. cxd5 Nxd5 7. Nxd5 Qxd5 8.
Bg2 Be6 9. O-O Qd7 10. Qa4 O-O 11. Be3 b5 12. Qc2 Rad8 13. a3 Bd6 14. Ng5 Nd4
15. Bxd4 exd4 16. Bc6 Qe7 17. Nxe6 Qxe6 18. Bxb5 h5 19. Bc6 h4 20. Bf3 hxg3 21.
fxg3 Rb8 22. b4 Rb5 23. Qc6 Qe3+ 24. Kg2 Rb6 25. Qe4 Qg5 26. Qd5 Be5 27. Rac1
Rh6 28. Rg1 Rd8 29. Qe4 Re6 30. Rc5 f5 31. Rxe5 fxe4 32. Rxg5 exf3+ 33. exf3
Re2+ 34. Kh3 Re3 35. Rd1 Rxf3 36. Ra5 Rd6 37. Rxa7 Rf2 38. Rxc7 Rh6+ 39. Kg4
39... Rg6+ {(R)} 40. Kh3 Rh6+ 41. Kg4 Rg6+ 42. Kh3 1/2-1/2

[Event "Brno /Dedek mem. A/"]
[Site "?"]
[Date "2005.01.11"]
[Round "3"]
[White "Licka, Vlastimil"]
[Black "Fuchs, Alois"]
[Result "1-0"]
[WhiteElo "1906"]
[BlackElo "1576"]
[PlyCount "55"]
[EventDate "2005.01.04"]

1. e4 d6 2. d4 Nf6 3. Nc3 c6 4. f3 Nbd7 5. a4 a5 6. Be3 e5 7. Qd2 b6 8. Rd1 Ba6
9. Bxa6 Rxa6 10. Nge2 Be7 11. Ng3 h6 12. Nf5 Bf8 13. O-O Ng8 14. dxe5 dxe5 15.
Qe2 Qc8 16. Qc4 g6 17. Nd6+ Bxd6 18. Rxd6 Ne7 19. Rfd1 Ra7 20. Qd3 c5 21. Nb5
Rb7 22. Rxg6 Qb8 23. Nd6+ Kf8 24. Bxh6+ Rxh6 25. Rxh6 Kg7 26. Nxb7 Qxb7 27.
Qxd7 Qxd7 28. Rxd7 1-0

[Event "Brno /Dedek mem. A/"]
[Site "?"]
[Date "2005.02.10"]
[Round "3"]
[White "Malis, Jiri"]
[Black "Sipek, Michal"]
[Result "0-1"]
[WhiteElo "2212"]
[BlackElo "1883"]
[PlyCount "104"]
[EventDate "2005.01.04"]

1. e4 d6 2. d4 Nf6 3. Nc3 g6 4. Bg5 c6 5. Qd2 h6 6. Bh4 Nbd7 7. f4 b5 8. Bd3
Qb6 9. Nf3 Ba6 10. e5 dxe5 11. fxe5 g5 12. Bf2 Nd5 13. e6 fxe6 14. Bg6+ Kd8 15.
O-O b4 16. Nxd5 exd5 17. Rfe1 Rg8 18. Bf7 Rg7 19. Be6 Bc8 20. a3 Nf6 21. Bxc8
Rxc8 22. Qxb4 Ne4 23. Be3 Kc7 24. Ne5 e6 25. Qxb6+ axb6 26. Rf1 Bd6 27. Nf7 Bf4
28. Bxf4+ gxf4 29. Rxf4 Rcg8 30. g3 Nxg3 31. hxg3 Rxg3+ 32. Kh2 Rg2+ 33. Kh3
R8g3+ 34. Kh4 Rg7 35. Rh1 Rxc2 36. Kh5 Rxb2 37. Kxh6 Rg3 38. Ng5 Rbg2 39. Rh5
c5 40. Nxe6+ Kd6 41. Ng5 c4 42. Rf6+ Kd7 43. Kg6 c3 44. Rh7+ Ke8 45. Rf5 c2 46.
Re5+ Kd8 47. Rh8+ Kd7 48. Rh7+ Kc6 49. Re6+ Kb5 50. Rb7 Rxg5+ 51. Kf6 Rg6+ 52.
Ke5 52... Re2+ {(Time! 2.30-2.27)} 0-1

[Event "Brno /Dedek mem. A/"]
[Site "?"]
[Date "2005.01.11"]
[Round "3"]
[White "Turza, Pavel"]
[Black "Cesek, Liboslav"]
[Result "1/2-1/2"]
[WhiteElo "1706"]
[BlackElo "1770"]
[PlyCount "107"]
[EventDate "2005.01.04"]

1. c4 e5 2. Nc3 Nf6 3. g3 c6 4. Bg2 Bc5 5. Nf3 d6 6. O-O Be6 7. d4 exd4 8. Nxd4
Bxc4 9. Nf5 O-O 10. Na4 Be6 11. Nxc5 dxc5 12. Qc2 Na6 13. Bg5 Bxf5 14. Qxf5 Qd7
15. Qxd7 Nxd7 16. Rfd1 Nb6 17. a4 h6 18. Bf4 Rfd8 19. b3 Nd5 20. Be5 Re8 21.
Bxd5 Rxe5 22. Bc4 Re7 23. Rd2 Nc7 24. Rad1 b5 25. Rd8+ Rxd8 26. Rxd8+ Kh7 27.
Bd3+ g6 28. e3 c4 29. bxc4 bxa4 30. Bc2 Ne6 31. Rd3 Rb7 32. Bxa4 Rb1+ 33. Kg2
Nc5 34. Ra3 Rb6 35. Bd1 Ra6 36. Rxa6 Nxa6 37. Ba4 c5 38. Kf3 Kg7 39. Ke4 Nc7
40. Ke5 Kf8 41. Kd6 Ne6 42. h4 Kg7 43. Bd7 a5 44. Ba4 Kf6 45. e4 g5 46. e5+ Kg6
47. hxg5 hxg5 48. Be8 Kg7 49. f4 gxf4 50. gxf4 Kg6 51. Ke7 Nxf4 52. Bxf7+ Kf5
53. Kd6 a4 54. e6 1/2-1/2

[Event "Brno /Dedek mem. A/"]
[Site "?"]
[Date "2005.01.11"]
[Round "3"]
[White "Kopkan, Pavel"]
[Black "Vachek, Jiri"]
[Result "1-0"]
[WhiteElo "2057"]
[BlackElo "1893"]
[PlyCount "70"]
[EventDate "2005.01.04"]

1. e4 e6 2. c4 c5 3. Nc3 Nc6 4. Nf3 g6 5. d4 cxd4 6. Nxd4 Bg7 7. Be3 Nge7 8.
Ndb5 O-O 9. Be2 a6 10. Nd6 Qc7 11. f4 e5 12. O-O Nd4 13. fxe5 Nxe2+ 14. Qxe2
Bxe5 15. c5 Nc6 16. Rad1 Bg7 17. Nd5 Qd8 18. Nb6 Rb8 19. Qc4 Qe7 20. Nd5 Qe6
21. Bg5 Bxb2 22. Rf6 Bxf6 23. Nxf6+ Kg7 24. Rd5 b5 25. Qc3 Rg8 26. Bh6+ Kh8 27.
Nxf7+ Qxf7 28. Ne8+ Rg7 29. Bxg7+ Kg8 30. Bh6 b4 31. Qb2 b3 32. Nf6+ Kh8 33.
Nxd7+ Kg8 34. Nxb8 Be6 35. Rd6 35... Bc4 {(1.30-1.50)} 1-0

[Event "Brno /Dedek mem. A/"]
[Site "?"]
[Date "2005.01.13"]
[Round "4"]
[White "Holemar, Kamil"]
[Black "Vachek, Jiri"]
[Result "0-1"]
[WhiteElo "1767"]
[BlackElo "1893"]
[PlyCount "137"]
[EventDate "2005.01.04"]

1. e4 e6 2. d3 c5 3. Nf3 Nc6 4. Nbd2 d5 5. g3 g6 6. Bg2 Bg7 7. O-O Nge7 8. Re1
O-O 9. e5 Qc7 10. Qe2 Nf5 11. c3 b6 12. Nf1 Bb7 13. h4 Rae8 14. g4 Nxh4 15.
Nxh4 Bxe5 16. Bh6 Bg7 17. Bxg7 Kxg7 18. Qd2 f6 19. Nh2 g5 20. N4f3 h6 21. d4
Nd8 22. Re2 Qf7 23. Rae1 h5 24. Nxg5 fxg5 25. Qxg5+ Qg6 26. Qxg6+ Kxg6 27.
gxh5+ Kxh5 28. Re5+ Kg6 29. R1e3 Rf5 30. Rxf5 Kxf5 31. Re5+ Kg6 32. Bh3 cxd4
33. cxd4 Bc8 34. f3 Nc6 35. Re2 Nxd4 36. Rg2+ Kf7 37. Kf2 Nf5 38. Bxf5 exf5 39.
Nf1 d4 40. Rh2 Kg6 41. Kg3 Ba6 42. Nd2 d3 43. Rg2 Re2 44. Rxe2 dxe2 45. Kf2 Kg5
46. Nb1 Kf4 47. Nd2 Bd3 48. a3 a5 49. a4 b5 50. Nb3 bxa4 51. Nc5 Bb5 52. Ne6+
Ke5 53. Ng5 Bc4 54. Nh3 Bd3 55. Ng1 Kd4 56. Nh3 Kc5 57. Nf4 Kc4 58. Ke1 Kd4 59.
Ng2 Bb5 60. Kd2 Ke5 61. Ke3 f4+ 62. Kd2 Bc4 63. Ne1 Kd4 64. Ng2 Kc5 65. Nxf4
Kb4 66. Ng2 Kb3 67. Kc1 Bd3 68. Ne1 Bf5 69. Ng2 {(Time! 2.30-2.03)} 0-1

[Event "Brno /Dedek mem. A/"]
[Site "?"]
[Date "2005.01.13"]
[Round "4"]
[White "Cesek, Liboslav"]
[Black "Kopkan, Pavel"]
[Result "0-1"]
[WhiteElo "1770"]
[BlackElo "2057"]
[PlyCount "54"]
[EventDate "2005.01.04"]

1. e4 d5 2. exd5 Nf6 3. Nf3 Bg4 4. Be2 Nxd5 5. d4 g6 6. h3 Bxf3 7. Bxf3 Nc6 8.
O-O Bg7 9. Nc3 Nb6 10. Bxc6+ bxc6 11. Qf3 Qd7 12. Ne2 O-O 13. Be3 Nc4 14. Rab1
Rab8 15. b3 Nxe3 16. Qxe3 Qf5 17. Rbc1 Rfd8 18. Qxe7 Re8 19. Qxc7 Rbc8 20. Qxa7
Rxe2 21. Qa6 Rce8 22. c3 c5 23. dxc5 Qxc5 24. b4 Qd5 25. Qa4 Ra8 26. Rfd1 Re1+
27. Kh2 Be5+ 0-1

[Event "Brno /Dedek mem. A/"]
[Site "?"]
[Date "2005.01.23"]
[Round "4"]
[White "Sipek, Michal"]
[Black "Turza, Pavel"]
[Result "1-0"]
[WhiteElo "1883"]
[BlackElo "1706"]
[PlyCount "45"]
[EventDate "2005.01.04"]

1. g3 g6 2. Bg2 Bg7 3. c4 Nc6 4. Nc3 b6 5. Nf3 a6 6. d4 Bb7 7. O-O e6 8. e4
Nge7 9. e5 O-O 10. Ne4 Na5 11. Nfd2 Nf5 12. b4 Nc6 13. Nb3 Qc8 14. Bg5 Ncxd4
15. Nxd4 Bxe4 16. Bxe4 Nxd4 17. Qxd4 d6 18. Bf6 Bxf6 19. exf6 d5 20. cxd5 Qd8
21. Rad1 exd5 22. Bxd5 Rb8 23. Bxf7+ {(0.56-1.41) (0.56-1.41)} 1-0

[Event "Brno /Dedek mem. A/"]
[Site "?"]
[Date "2005.01.13"]
[Round "4"]
[White "Fuchs, Alois"]
[Black "Malis, Jiri"]
[Result "0-1"]
[WhiteElo "1576"]
[BlackElo "2212"]
[PlyCount "84"]
[EventDate "2005.01.04"]

1. d4 Nf6 2. c4 d6 3. Nf3 Nbd7 4. g3 g6 5. Bg2 Bg7 6. Nc3 O-O 7. O-O e5 8. Bg5
h6 9. Bxf6 Bxf6 10. e3 Bg7 11. Qb3 Re8 12. Rad1 Kh7 13. Rd2 e4 14. Ne1 f5 15.
Nc2 c6 16. f3 exf3 17. Bxf3 Nf6 18. Ne2 a5 19. a4 Ra6 20. Rfd1 Ne4 21. Rd3 Qc7
22. Qa3 Be6 23. b3 d5 24. c5 Rea8 25. Rc1 Ng5 26. Bg2 Re8 27. Re1 Bf8 28. Nf4
Bf7 29. Re2 Raa8 30. Ne1 b6 31. Qc1 bxc5 32. dxc5 Ne4 33. Bxe4 fxe4 34. Rd1 g5
35. Nfg2 Bh5 36. Rb2 Bxd1 37. Qxd1 Bg7 38. Rb1 Rf8 39. Nc2 Qf7 40. Qe2 Qf3 41.
Re1 Qxe2 42. Rxe2 42... Rab8 {(1.32-1.59)} 0-1

[Event "Brno /Dedek mem. A/"]
[Site "?"]
[Date "2005.01.13"]
[Round "4"]
[White "Martisek, Karel"]
[Black "Licka, Vlastimil"]
[Result "0-1"]
[WhiteElo "1797"]
[BlackElo "1906"]
[PlyCount "62"]
[EventDate "2005.01.04"]

1. e4 d6 2. d4 Nf6 3. Nc3 Nbd7 4. Nf3 e5 5. dxe5 dxe5 6. Bg5 Be7 7. Bd3 c6 8.
O-O O-O 9. Qe2 Qc7 10. Rad1 a5 11. Nh4 Nc5 12. Rfe1 Ne6 13. Bxf6 Bxf6 14. Nf5
g6 15. Ne3 Nd4 16. Qf1 Be6 17. Bc4 Rad8 18. Bxe6 Nxe6 19. Rxd8 Rxd8 20. Rd1 Rd4
21. Ng4 Bg7 22. Rxd4 exd4 23. Nd1 h5 24. h3 hxg4 25. hxg4 Qf4 26. f3 Be5 27.
Qf2 Qh2+ 28. Kf1 Bg3 29. Qg1 Qh6 30. Ke2 Qc1 31. c3 Nf4+ 0-1

[Event "Brno /Dedek mem. A/"]
[Site "?"]
[Date "2005.01.18"]
[Round "5"]
[White "Nemec, Miloslav"]
[Black "Holemar, Kamil"]
[Result "1-0"]
[WhiteElo "2061"]
[BlackElo "1767"]
[PlyCount "116"]
[EventDate "2005.01.04"]

1. c4 e5 2. Nc3 d6 3. d3 Nd7 4. g3 g6 5. Bg2 Bg7 6. Bd2 Ngf6 7. Rb1 O-O 8. b4
h5 9. Nf3 Re8 10. Bg5 c6 11. O-O Qc7 12. b5 Nf8 13. bxc6 bxc6 14. Nd2 N6h7 15.
Be3 Bd7 16. Qa4 f5 17. Qa6 e4 18. Rb3 Reb8 19. Rfb1 Rxb3 20. Rxb3 Rb8 21. Nd1
Bc8 22. Qa4 Rxb3 23. axb3 d5 24. Qxa7 Qd8 25. cxd5 cxd5 26. Bd4 Bh6 27. Ne3 Ne6
28. Ndf1 f4 29. Nc2 Nhg5 30. Nd2 Nxd4 31. Nxd4 Nh3+ 32. Bxh3 Bxh3 33. Nc6 Qe8
34. Ne7+ Kf8 35. Nxd5 exd3 36. Qc5+ Kf7 37. Qc7+ Bd7 38. exd3 fxg3 39. Ne4
gxh2+ 40. Kxh2 Qe6 41. Nf4 Bxf4+ 42. Qxf4+ Kg7 43. Ng5 Qd5 44. Qe3 Qd6+ 45. f4
Kf8 46. d4 Qc6 47. Qd3 Qc1 48. Qe4 h4 49. Nh7+ Kf7 50. Qd5+ Ke7 51. Qc5+ Qxc5
52. dxc5 Ke6 53. Nf8+ Kf5 54. Nxd7 Kxf4 55. c6 g5 56. Nf6 Kf5 57. c7 Kxf6 58.
c8=Q 58... Ke5 {(2.27-2.29)} 1-0

[Event "Brno /Dedek mem. A/"]
[Site "?"]
[Date "2005.01.18"]
[Round "5"]
[White "Malis, Jiri"]
[Black "Martisek, Karel"]
[Result "1-0"]
[WhiteElo "2212"]
[BlackElo "1797"]
[PlyCount "121"]
[EventDate "2005.01.04"]

1. e4 e5 2. f4 d5 3. exd5 e4 4. d3 exd3 5. Qxd3 Nf6 6. Nc3 Bc5 7. Qb5+ Nbd7 8.
Qe2+ Qe7 9. Bd2 Ng4 10. Ne4 O-O 11. d6 cxd6 12. Nxc5 Qxe2+ 13. Nxe2 Nxc5 14. h3
Nf6 15. O-O-O Be6 16. Nc3 Rac8 17. Be3 Nce4 18. Nxe4 Nxe4 19. Bd3 Nc5 20. Bxc5
Rxc5 21. a3 Rfc8 22. Rhe1 Bc4 23. c3 g6 24. Re7 R5c7 25. Rxc7 Rxc7 26. Be4 Rd7
27. Rd4 Bb5 28. c4 Bc6 29. Bxc6 bxc6 30. c5 d5 31. Ra4 Kg7 32. Ra6 Rc7 33. b4
Kf6 34. b5 Ke7 35. b6 axb6 36. cxb6 Rc8 37. Ra7+ Ke6 38. a4 Rb8 39. a5 c5 40.
Kd2 c4 41. Kc3 h5 42. g4 hxg4 43. hxg4 f6 44. Rg7 Kd6 45. Kb4 g5 46. fxg5 fxg5
47. Rg6+ Ke5 48. a6 c3 49. Kxc3 Rc8+ 50. Kd2 Rc4 51. a7 Rd4+ 52. Kc3 Rxg4 53.
a8=Q d4+ 54. Kc4 d3+ 55. Kxd3 Rg3+ 56. Ke2 Rg4 57. Qe8+ Kf4 58. Qe3+ Kf5 59.
Qf3+ Rf4 60. Qxf4+ Kxf4 61. b7 {(2.27-2.29)} 1-0

[Event "Brno /Dedek mem. A/"]
[Site "?"]
[Date "2005.01.18"]
[Round "5"]
[White "Turza, Pavel"]
[Black "Fuchs, Alois"]
[Result "1-0"]
[WhiteElo "1706"]
[BlackElo "1576"]
[PlyCount "95"]
[EventDate "2005.01.04"]

1. c4 e6 2. Nf3 d5 3. cxd5 exd5 4. g3 Nf6 5. d3 c6 6. Bg2 h6 7. O-O Bd6 8. Nbd2
O-O 9. Nd4 Re8 10. N2f3 a6 11. Bd2 c5 12. Nb3 b6 13. Rc1 Bb7 14. Nh4 Qd7 15.
Re1 Nc6 16. Qc2 Ne7 17. Qb1 d4 18. Bf1 Nf5 19. Bh3 g6 20. Bxh6 Qc6 21. Bg2 Nd5
22. Nxf5 gxf5 23. Nxd4 Qd7 24. Nf3 Re6 25. Bd2 Rae8 26. e4 Nf6 27. Ng5 R6e7 28.
Bh3 Ng4 29. Bc3 Be5 30. Bg2 Bxc3 31. bxc3 f6 32. Nh3 b5 33. Nf4 Ne5 34. Rcd1
Qc8 35. d4 Nc4 36. exf5 Bxg2 37. Nxg2 Rxe1+ 38. Rxe1 Nd2 39. Rxe8+ Qxe8 40. Qd3
Nc4 41. dxc5 Ne5 42. Qd5+ Kg7 43. Nf4 Ng4 44. Qe6 Qd8 45. Nd5 Nh6 46. c6 Nf7
47. c7 Qd6 48. c8=Q {(1.57-2.28)} 1-0